Improving accuracy in knee arthroplasty (Record no. 31779)

MARC details
000 -LEADER
fixed length control field 00626nam a2200157 a 4500
008 - FIXED-LENGTH DATA ELEMENTS--GENERAL INFORMATION
fixed length control field 160126s2012 ||||||||||||||||| || u
020 ## - INTERNATIONAL STANDARD BOOK NUMBER
International Standard Book Number 9789350258705
050 ## - LIBRARY OF CONGRESS CALL NUMBER
Classification number RD 561 Imp
100 ## - MAIN ENTRY--PERSONAL NAME
Personal name Thienpont, Emmanuel
245 10 - TITLE STATEMENT
Title Improving accuracy in knee arthroplasty
Statement of responsibility, etc. by Thienpont Emmanuel
260 ## - PUBLICATION, DISTRIBUTION, ETC.
Place of publication, distribution, etc. New Delhi
Name of publisher, distributor, etc. Jaypee Brothers Medical publishers
Date of publication, distribution, etc. 2012
300 ## - PHYSICAL DESCRIPTION
Extent xvii, 375p.: ill.
350 ## -
-- 144.00
650 ## - SUBJECT ADDED ENTRY--TOPICAL TERM
Topical term or geographic name entry element JOINTS--DISEASES
995 ## -
-- MEDICAL LIBRARY OPEN ACCESS
-- 903570
-- CBU-SCHOOL OF MEDICINE LIBRARY (Ndola)
-- 144.00
-- RD 561 Imp
-- 1
-- AVAILABLE
-- Feb 19, 2016
-- 903570
-- Medical Library Open Access Collection
999 ## -
-- 31779
-- 31779
Holdings
Withdrawn status Lost status Source of classification or shelving scheme Damaged status Not for loan Permanent Location Current Location Shelving location Date acquired Total Checkouts Full call number Barcode Date last seen Price effective from Koha item type
          CBU-SCHOOL OF MEDICINE LIBRARY, NDOLA. CBU-SCHOOL OF MEDICINE LIBRARY, NDOLA.   11/30/2022   RD 561 Imp 903570 11/30/2022 11/30/2022 MONOGRAPH